Shaping demand and practices to improve family health outcomes : (Record no. 72083)
[ view plain ]
| 000 -LEADER | |
|---|---|
| fixed length control field | 01705nam a22003257a 4500 |
| 005 - DATE AND TIME OF LATEST TRANSACTION | |
| control field | 20121212121558.0 |
| 008 - FIXED-LENGTH DATA ELEMENTS--GENERAL INFORMATION | |
| fixed length control field | 121212t xxu||||| |||| 00| 0 eng d |
| 010 ## - LCCN (DPL NO) | |
| LC control number | ENG-106417-418 |
| 020 ## - INTERNATIONAL STANDARD BOOK NUMBER | |
| International Standard Book Number | 9788132108979 |
| Terms of availability | 2900.00(set of 2 vols.) |
| 035 ## - SYSTEM CONTROL NUMBER | |
| System control number | EN-89950-51 |
| 037 ## - SOURCE OF ACQUISITION | |
| Source of stock number/acquisition | DBAD/PUB |
| 040 ## - CATALOGING SOURCE | |
| Original cataloging agency | DPL |
| Language of cataloging | Eng |
| 082 00 - DEWEY DECIMAL CLASSIFICATION NUMBER | |
| Classification number | 613.0954163 |
| Edition number | 23 |
| 245 00 - TITLE STATEMENT | |
| Title | Shaping demand and practices to improve family health outcomes : |
| Remainder of title | designing a behavior change communication strategy in India / |
| Statement of responsibility, etc | edited by M.E. Khan ... [et al] |
| 260 ## - PUBLICATION, DISTRIBUTION, ETC. (IMPRINT) | |
| Place of publication, distribution, etc | New Delhi |
| Name of publisher, distributor, etc | SAGE Publications |
| Date of publication, distribution, etc | 2012 |
| 270 ## - ADDRESS | |
| Address | B1/I-1 Mohan Cooperative Industrial Area Mathura Road |
| City | New Delhi |
| Postal code | 110044 |
| 300 ## - PHYSICAL DESCRIPTION | |
| Extent | 2V.(xxii,395p.;xx,269p.) |
| Dimensions | 24cm(Hb) |
| 500 ## - GENERAL NOTE | |
| General note | Includes bibliographical references and index. |
| 505 0# - FORMATTED CONTENTS NOTE | |
| Formatted contents note | v. 1. Uttar Pradesh -- v. 2. Bihar. |
| 650 #0 - SUBJECT ADDED ENTRY--TOPICAL TERM | |
| Topical term or geographic name as entry element | Families |
| General subdivision | Health and hygiene |
| Geographic subdivision | India, North. |
| 9 (RLIN) | 54224 |
| 650 #0 - SUBJECT ADDED ENTRY--TOPICAL TERM | |
| Topical term or geographic name as entry element | Health behavior |
| Geographic subdivision | India, North. |
| 9 (RLIN) | 54225 |
| 650 #0 - SUBJECT ADDED ENTRY--TOPICAL TERM | |
| Topical term or geographic name as entry element | Health promotion |
| Geographic subdivision | India, North. |
| 9 (RLIN) | 54226 |
| 700 1# - ADDED ENTRY--PERSONAL NAME | |
| Personal name | Khan, M. E. |
| 9 (RLIN) | 54227 |
| 942 ## - ADDED ENTRY ELEMENTS (KOHA) | |
| Source of classification or shelving scheme | Dewey Decimal Classification |
| Item type | English Books |
| Classification part | 613.0954163 |
| Call number suffix | SHA |
| Withdrawn status | Lost status | Source of classification or shelving scheme | Materials specified (bound volume or other part) | Damaged status | Not for loan | Collection code | Home library | Current library | Date acquired | Source of acquisition | Cost, normal purchase price | Total Checkouts | Full call number | Barcode | Date last seen | Copy number | Cost, replacement price | Koha item type |
|---|---|---|---|---|---|---|---|---|---|---|---|---|---|---|---|---|---|---|
| Dewey Decimal Classification | v.1 | Not For Loan | Non-fiction | D.B.Act.Division | D.B.Act.Division | 12/12/2012 | DBAD/PUB | 2900.00 | 613.0954163 SHA | EN-89950 | 12/12/2012 | 1 | 2900.00 | English Books | ||||
| Dewey Decimal Classification | v.2 | Not For Loan | Non-fiction | D.B.Act.Division | D.B.Act.Division | 12/12/2012 | DBAD/PUB | 2900.00 | 613.0954163 SHA | EN-89951 | 12/12/2012 | 1 | 2900.00 | English Books |
